[Event "SV Dormagen 1 - SG Porz 3 "]
[Site "?"]
[Date "2023.09.10"]
[Round "1.1"]
[White "Finke, Kai"]
[Black "Hautot, Stephane"]
[Result "0-1"]
[WhiteElo "2137"]
[BlackElo "2371"]
[PlyCount "90"]
[EventDate "2023.??.??"]
[SourceVersionDate "2020.03.16"]
[WhiteTeam "SG Porz 3"]
[BlackTeam "SV Dormagen 1947 I"]

1. d4 d5 2. c4 c6 3. Nc3 Nf6 4. Nf3 dxc4 5. a4 Bf5 6. e3 e6 7. Ne5 Nbd7 8. Nxd7 Qxd7 9. Bxc4 Bb4 10. O-O O-O 11. Qb3 a5 12. Rd1 Qc7 13. f3 e5 14. e4 exd4 15. Ne2 Bc5 16. Bf4 Qe7 17. Kh1 Be6 18. Bxe6 Qxe6 19. Qxe6 fxe6 20. Be5 Rfd8 21. Nxd4 Kf7 22. Nb3 Bb4 23. Rxd8 Rxd8 24. Bc7 Ra8 25. Kg1 Nd7 26. Rc1 Ra6 27. Kf1 Nb6 28. Bxb6 Rxb6 29. e5 Ba3 30. Nxa5 Rxb2 31. Nc4 Ra2 32. Nxa3 Rxa3 33. Rb1 Rxa4 34. Rxb7+ Kg6 35. Re7 Kf5 36. Rxg7 h5 37. g3 h4 38. f4 Ra2 39. Kg1 h3 40. Rc7 Rg2+ 41. Kf1 Rxh2 42. Rxc6 Rh1+ 43. Kf2 Ra1 44. g4+ Kxg4 45. f5 h2 0-1

[Event "SV Dormagen 1 - SG Porz 3 "]
[Site "?"]
[Date "2023.09.10"]
[Round "1.2"]
[White "Harff, Marcel"]
[Black "Kremser, Michael"]
[Result "1-0"]
[WhiteElo "2278"]
[BlackElo "2070"]
[PlyCount "111"]
[EventDate "2023.??.??"]
[SourceVersionDate "2020.03.16"]
[WhiteTeam "SV Dormagen 1947 I"]
[BlackTeam "SG Porz 3"]

1. c4 Nf6 2. Nc3 b6 3. d4 Bb7 4. f3 d5 5. cxd5 Nxd5 6. e4 Nxc3 7. bxc3 e6 8. Be3 Be7 9. Bb5+ c6 10. Bd3 O-O 11. Ne2 c5 12. O-O Nc6 13. Rc1 cxd4 14. cxd4 Nb4 15. Bb1 Qd7 16. f4 Rfc8 17. Rxc8+ Rxc8 18. f5 exf5 19. Rxf5 g6 20. Rf2 Qe6 21. a3 Bxe4 22. Nf4 Bc2 23. Bxc2 Qxe3 24. axb4 Bxb4 25. Nd5 Qa3 26. h4 Bd6 27. Nf6+ Kg7 28. Ne4 Bb8 29. Ng5 f5 30. Re2 Qd6 31. Nf3 b5 32. Qe1 b4 33. h5 Rc3 34. h6+ Kxh6 35. Qh4+ Kg7 36. Re7+ Kf8 37. Rxh7 Rxc2 38. Rh8+ Kg7 39. Qh6+ Kf7 40. Ng5+ Kf6 41. Rf8+ Qxf8 42. Nh7+ Ke6 43. Qxg6+ Kd5 44. Nxf8 Kxd4 45. Qxf5 b3 46. Ne6+ Kc3 47. Qf3+ Kb2 48. Nd4 Rc1+ 49. Kf2 Rc3 50. Qf6 Bg3+ 51. Ke2 Kb1 52. Kd2 Rc2+ 53. Nxc2 bxc2 54. Qf1+ c1=Q+ 55. Qxc1+ Ka2 56. Kc2 1-0

[Event "SV Dormagen 1 - SG Porz 3 "]
[Site "?"]
[Date "2023.09.10"]
[Round "1.4"]
[White "Litwak, Aleksej"]
[Black "Spindler, Florian"]
[Result "1-0"]
[WhiteElo "2249"]
[BlackElo "2006"]
[PlyCount "117"]
[EventDate "2023.??.??"]
[SourceVersionDate "2020.03.16"]
[WhiteTeam "SV Dormagen 1947 1"]
[BlackTeam "SG Porz 3"]

1. e4 c5 2. Nf3 e6 3. d4 cxd4 4. Nxd4 Nf6 5. Nc3 a6 6. e5 Ng8 7. Bd3 Qc7 8. Qe2 d5 9. exd6 Bxd6 10. Ne4 Be5 11. Be3 Nf6 12. Nxf6+ Bxf6 13. O-O-O Bd7 14. Be4 Nc6 15. Nxc6 Bxc6 16. Qc4 Rc8 17. Bxc6+ Qxc6 18. Qxc6+ Rxc6 19. Rd3 O-O 20. Rhd1 Rfc8 21. c3 h5 22. Kc2 b5 23. Kb3 a5 24. a4 Rb8 25. axb5 Rxb5+ 26. Kc2 Rc7 27. Rd7 Rcb7 28. Rxb7 Rxb7 29. Rd6 Kf8 30. Ra6 Bd8 31. b3 Ke8 32. c4 Rc7 33. Ra8 Rc6 34. Bd2 Rc5 35. Be3 Rc6 36. h3 Kd7 37. Kb2 Bf6+ 38. Ka3 Bc3 39. Ka4 Rd6 40. Ra7+ Ke8 41. Bc5 Rd7 42. Ra8+ Rd8 43. Rxd8+ Kxd8 44. Bb6+ Kd7 45. Kb5 g5 46. Bxa5 Bd4 47. Bb6 e5 48. c5 Bc3 49. Kc4 Be1 50. Kd5 Bc3 51. c6+ Kc8 52. Bc5 f5 53. b4 g4 54. b5 f4 55. b6 Ba5 56. b7+ Kb8 57. Bd6+ Bc7 58. Bxc7+ Kxc7 59. f3 1-0

[Event "SV Dormagen 1 - SG Porz 3 "]
[Site "?"]
[Date "2023.09.11"]
[Round "1.5"]
[White "Paulus, Jeffrey"]
[Black "Wimmer, Jürgen"]
[Result "0-1"]
[WhiteElo "1998"]
[BlackElo "2223"]
[PlyCount "116"]
[EventDate "2023.??.??"]
[SourceVersionDate "2020.03.16"]
[WhiteTeam "SG Porz 3"]
[BlackTeam "SV Dormagen 1947 1"]

1. d4 Nf6 2. c4 c5 3. d5 e5 4. Nc3 d6 5. e4 Be7 6. Bd3 Nbd7 7. Nge2 h5 8. Bg5 a6 9. h4 Ng4 10. Qc1 Nf8 11. f3 Nf6 12. Ng3 g6 13. Qe3 N8h7 14. Bh6 Nd7 15. Bg7 Rg8 16. Qh6 Nhf8 17. O-O-O Bxh4 18. Rxh4 Qxh4 19. Nce2 Qe7 20. Rh1 f6 21. Bxf8 Nxf8 22. Qe3 Bd7 23. f4 exf4 24. Nxf4 h4 25. Nge2 b5 26. Ne6 Nxe6 27. dxe6 Bxe6 28. cxb5 c4 29. Bb1 axb5 30. Rxh4 Bd7 31. Nc3 Qe5 32. Nd5 Rc8 33. Rh7 Rc5 34. Re7+ Qxe7 35. Nxe7 Kxe7 36. Qf4 Rh8 37. Bc2 Rh1+ 38. Kd2 Rg5 39. g3 Rh2+ 40. Kc3 b4+ 41. Kxb4 Rxc2 42. Qh4 Be6 43. e5 Rxe5 44. Qh7+ Bf7 45. Qh1 Rxb2+ 46. Kc3 Ree2 47. g4 g5 48. Qa8 Rec2+ 49. Kd4 Rd2+ 50. Kc3 Rbc2+ 51. Kb4 Rxa2 52. Qe4+ Kf8 53. Qh7 Rd3 54. Kb5 Rb3+ 55. Kc6 Ra6+ 56. Kc7 d5 57. Qh8+ Bg8 58. Qh6+ Kf7 0-1

[Event "SV Dormagen 1 - SG Porz 3 "]
[Site "?"]
[Date "2023.09.11"]
[Round "1.6"]
[White "Lafosse, Jimmy"]
[Black "Sistig, Max"]
[Result "1-0"]
[WhiteElo "2175"]
[BlackElo "2001"]
[PlyCount "93"]
[EventDate "2023.??.??"]
[SourceVersionDate "2020.03.16"]
[WhiteTeam "SV Dormagen 1947 1"]
[BlackTeam "SG Porz 3"]

1. e4 c5 2. Nc3 Nc6 3. f4 g6 4. Nf3 Bg7 5. Bc4 e6 6. f5 gxf5 7. d3 Nge7 8. Bg5 fxe4 9. dxe4 a6 10. a4 d6 11. Qd2 h6 12. Bh4 Qc7 13. Bg3 e5 14. Nh4 Be6 15. Nd5 Bxd5 16. exd5 Na5 17. Be2 O-O 18. O-O f5 19. Be1 b6 20. Ra3 c4 21. Rg3 f4 22. Rg4 Qc5+ 23. Bf2 Qxd5 24. Qxd5+ Nxd5 25. Bf3 Nf6 26. Bxa8 Nxg4 27. Bd5+ Kh7 28. Bxb6 Nf6 29. Bxa5 Nxd5 30. Rd1 Ne3 31. Rxd6 Rf6 32. Rd7 Nf5 33. Nxf5 Rxf5 34. Bc3 Rg5 35. Kf2 e4 36. Re7 e3+ 37. Kf3 Kg8 38. Rxg7+ Rxg7 39. Bxg7 Kxg7 40. b4 cxb3 41. cxb3 Kf6 42. g3 Ke5 43. gxf4+ Kd4 44. Ke2 a5 45. f5 Ke5 46. Kxe3 Kxf5 47. b4 1-0

[Event "SV Dormagen 1 - SG Porz 3 "]
[Site "?"]
[Date "2023.09.11"]
[Round "1.7"]
[White "Khorolinskyy, Yuliy"]
[Black "Juegel, Marcel"]
[Result "0-1"]
[WhiteElo "1800"]
[BlackElo "2142"]
[PlyCount "70"]
[EventDate "2023.??.??"]
[SourceVersionDate "2020.03.16"]
[WhiteTeam "SG Porz 3"]
[BlackTeam "SV Dormagen 1947 1"]

1. Nf3 e6 2. d4 f5 3. Bf4 Nf6 4. e3 b6 5. Bd3 Bb7 6. c4 Bb4+ 7. Nc3 O-O 8. a3 Bxc3+ 9. bxc3 Nc6 10. O-O Na5 11. Rb1 Qe7 12. c5 Nd5 13. Bg5 Qe8 14. Qd2 Qg6 15. e4 Nxc3 16. exf5 Qh5 17. Nh4 Ne4 18. Bxe4 Bxe4 19. Rbe1 Bd5 20. fxe6 dxe6 21. f3 Nc4 22. Qc1 h6 23. Be7 Rfe8 24. g4 Qf7 25. cxb6 Qxe7 26. Ng6 Qf7 27. Ne5 Nxe5 28. Rxe5 axb6 29. g5 Qg6 30. Qxc7 Rxa3 31. Qxb6 Ra2 32. Qb5 Rc8 33. Re2 Qxg5+ 34. Kh1 Bxf3+ 35. Rxf3 Rc1+ 0-1

[Event "SV Dormagen 1 - SG Porz 3 "]
[Site "?"]
[Date "2023.09.11"]
[Round "1.8"]
[White "Bouaraba, Max"]
[Black "Sewald, Richard"]
[Result "1-0"]
[WhiteElo "2068"]
[BlackElo "1819"]
[PlyCount "139"]
[EventDate "2023.??.??"]
[SourceVersionDate "2020.03.16"]
[WhiteTeam "SV Dormagen 1947 1"]
[BlackTeam "SG Porz 3"]

1. d4 Nf6 2. Bf4 e6 3. e3 b6 4. Nf3 Bb7 5. Nbd2 Be7 6. Bd3 d5 7. c3 Nbd7 8. Ne5 a6 9. Qf3 Nxe5 10. dxe5 Nd7 11. h4 Nc5 12. Bc2 d4 13. e4 d3 14. Bb1 Qd7 15. b3 f5 16. Qg3 Nxe4 17. Qxd3 Qxd3 18. Bxd3 Nxc3 19. Nf3 Bxf3 20. gxf3 Ba3 21. Bc1 Rd8 22. Bc2 Bc5 23. Be3 Ba3 24. Kf1 Bb2 25. Re1 Rd5 26. Kg2 Kf7 27. b4 Rhd8 28. Bg5 R8d7 29. Bxf5 Rd4 30. Bxh7 Rxb4 31. h5 Rdd4 32. Bg6+ Kg8 33. Rh3 Nd5 34. Re4 Rxe4 35. fxe4 Bxe5 36. Rd3 Bf6 37. Bd2 Rd4 38. exd5 Rxd5 39. Bf4 c5 40. Ra3 a5 41. Re3 e5 42. Bg3 Kf8 43. f4 Rd2+ 44. Kf3 Rxa2 45. fxe5 Bg5 46. Rb3 Bd8 47. e6 Rd2 48. Bf4 Rd1 49. Bf7 a4 50. Re3 Bf6 51. Ke2 Rd4 52. Bc7 b5 53. Bb6 Be7 54. Rf3 Re4+ 55. Kd3 Rd4+ 56. Kc2 Rc4+ 57. Kb1 Rh4 58. Bg6+ Kg8 59. Rf7 Rh1+ 60. Kc2 Rh2+ 61. Kd3 Bg5 62. Bxc5 Rd2+ 63. Kc3 Rd8 64. e7 Bxe7 65. Rxe7 Rc8 66. Kb4 Rb8 67. Bd4 a3 68. Rxg7+ Kf8 69. h6 Ra8 70. Bc5# 1-0

[Event "SV Dormagen 1 - SG Porz 3 "]
[Site "?"]
[Date "2023.09.10"]
[Round "1.3"]
[White "Wittig, Till"]
[Black "Balduan, Markus"]
[Result "0-1"]
[WhiteElo "2066"]
[BlackElo "2273"]
[PlyCount "74"]
[EventDate "2023.??.??"]
[SourceVersionDate "2020.03.16"]
[WhiteTeam "SG Porz 3"]
[BlackTeam "SV Dormagen 1947 1"]

1. e4 c5 2. Nc3 Nc6 3. Nf3 g6 4. g3 Bg7 5. Bg2 d6 6. O-O Rb8 7. a4 a6 8. d3 b5 9. axb5 axb5 10. Nd2 Nf6 11. Nd5 O-O 12. Nxf6+ Bxf6 13. f4 Qb6 14. Kh1 Bb7 15. g4 Ra8 16. Rxa8 Rxa8 17. g5 Bg7 18. f5 Ne5 19. f6 exf6 20. gxf6 Bf8 21. Nf3 Ra1 22. Qd2 Bc8 23. Qf4 Nxf3 24. Bxf3 c4 25. Kg2 cxd3 26. Be3 Qa6 27. Rf2 Qa2 28. cxd3 Qb1 29. Bg4 Qg1+ 30. Kh3 Bh6 31. Rf3 Bxf4 32. Bxg1 Bxg4+ 33. Kxg4 Be5 34. Be3 Bxb2 35. Rf2 Bc3 36. Rc2 b4 37. Bd4 h5+ 0-1

[Event "Düsseldorf Süd- Ratingen"]
[Site "?"]
[Date "2023.09.10"]
[Round "1.1"]
[White "Skoerys, Fabian"]
[Black "Gula, Julian"]
[Result "1/2-1/2"]
[WhiteElo "1952"]
[BlackElo "2158"]
[PlyCount "85"]
[EventDate "2023.??.??"]
[SourceVersionDate "2020.03.16"]

1. e4 e5 2. Nf3 Nc6 3. d4 exd4 4. Nxd4 Nf6 5. Nxc6 bxc6 6. e5 Qe7 7. Qe2 Nd5 8. c4 Nb6 9. Nc3 g6 10. Ne4 Bg7 11. Nf6+ Bxf6 12. exf6 Qe6 13. b3 O-O 14. Qxe6 fxe6 15. Bb2 e5 16. f4 exf4 17. O-O-O d5 18. cxd5 cxd5 19. Bb5 Bd7 20. Bd3 c5 21. Rhf1 f3 22. gxf3 d4 23. b4 c4 24. Be4 c3 25. Ba1 Rac8 26. Rxd4 Rxf6 27. Rfd1 Bc6 28. Rd8+ Rf8 29. Rxc8 Rxc8 30. Bxc6 Rxc6 31. Rd3 Rc4 32. Bxc3 Nd5 33. Rxd5 Rxc3+ 34. Kb2 Rxf3 35. Rd8+ Rf8 36. Rd2 h5 37. a4 Kf7 38. Rd7+ Ke6 39. Rg7 Kd5 40. Rxg6 Rf2+ 41. Kb3 Rf3+ 42. Kb2 Rf2+ 43. Kb3 1/2-1/2

[Event "Düsseldorf Süd- Ratingen"]
[Site "?"]
[Date "2023.09.10"]
[Round "1.2"]
[White "Tagsold, Christian"]
[Black "Probst, Andreas"]
[Result "1-0"]
[WhiteElo "2138"]
[BlackElo "2061"]
[PlyCount "49"]
[EventDate "2023.??.??"]
[SourceVersionDate "2020.03.16"]

1. c4 g6 2. g3 Bg7 3. Bg2 d6 4. d4 Nf6 5. Nc3 O-O 6. h3 Nc6 7. Nf3 e5 8. Be3 a6 9. O-O Bd7 10. Rc1 Rb8 11. dxe5 dxe5 12. Nd5 Re8 13. Bg5 h6 14. Bxf6 Bxf6 15. Nxf6+ Qxf6 16. Qxd7 e4 17. Nh2 Rbd8 18. Qxc7 Nd4 19. Rce1 Nc2 20. Ng4 Qg7 21. Qb6 e3 22. Nf6+ Kh8 23. Nxe8 exf2+ 24. Rxf2 Rxe8 25. Rd1 1-0

[Event "Düsseldorf Süd- Ratingen"]
[Site "?"]
[Date "2023.09.10"]
[Round "1.3"]
[White "Kaspar, Uwe"]
[Black "Hoffmann, Andre"]
[Result "0-1"]
[WhiteElo "1934"]
[BlackElo "2003"]
[PlyCount "86"]
[EventDate "2023.??.??"]
[SourceVersionDate "2020.03.16"]

1. e4 e5 2. Nf3 Nc6 3. Bb5 f5 4. O-O fxe4 5. Bxc6 bxc6 6. Nxe5 Nf6 7. Ng4 d5 8. Nxf6+ Qxf6 9. d3 Bc5 10. dxe4 Ba6 11. e5 Qf5 12. g4 Qf7 13. Kg2 Bxf1+ 14. Qxf1 Qg6 15. Qe2 h5 16. g5 Qe4+ 17. Qxe4 dxe4 18. Nc3 Bd4 19. Nxe4 Bxe5 20. f4 Bd6 21. Bd2 O-O 22. Nxd6 cxd6 23. Re1 Rae8 24. Rxe8 Rxe8 25. Kf3 g6 26. h4 Kf7 27. Be3 Ke6 28. Ke4 d5+ 29. Kf3 Kf5 30. a3 a5 31. Bd2 a4 32. Be3 Rb8 33. Bc1 d4 34. Kg3 Ke4 35. Kf2 c5 36. Ke2 c4 37. Kf2 c3 38. bxc3 dxc3 39. Ke2 Rb2 40. f5 Rxc2+ 41. Kd1 Rxc1+ 42. Kxc1 Kxf5 43. Kc2 Kg4 0-1

[Event "Düsseldorf Süd- Ratingen"]
[Site "?"]
[Date "2023.09.10"]
[Round "1.4"]
[White "Reinartz, Achim"]
[Black "Gatterer, Matthias"]
[Result "1/2-1/2"]
[WhiteElo "1966"]
[BlackElo "2022"]
[PlyCount "33"]
[EventDate "2023.??.??"]
[SourceVersionDate "2020.03.16"]

1. d4 d5 2. Nf3 Nf6 3. c4 e6 4. Nc3 Be7 5. Bg5 Nbd7 6. cxd5 exd5 7. e3 O-O 8. Qc2 c6 9. Bd3 Re8 10. O-O Nf8 11. Ne5 Ng4 12. Bxe7 Qxe7 13. Nxg4 Bxg4 14. h3 Bh5 15. Rae1 Bg6 16. a3 Bxd3 17. Qxd3 1/2-1/2

[Event "Düsseldorf Süd- Ratingen"]
[Site "?"]
[Date "2023.09.10"]
[Round "1.5"]
[White "Migdal, Benedikt"]
[Black "Hamm, Norbert"]
[Result "1-0"]
[WhiteElo "2068"]
[BlackElo "1940"]
[PlyCount "79"]
[EventDate "2023.??.??"]
[SourceVersionDate "2020.03.16"]

1. d4 d5 2. e3 Nf6 3. Bd3 e6 4. Nd2 Be7 5. f4 O-O 6. Ngf3 b6 7. Ne5 c5 8. c3 Bb7 9. Qf3 Nbd7 10. O-O Qc7 11. g4 Nxe5 12. fxe5 Nd7 13. Qh3 g6 14. Qh6 f5 15. gxf5 exf5 16. Nf3 Rfe8 17. h4 Bf8 18. Qf4 Bg7 19. h5 Nf8 20. Qg3 a5 21. Nh4 Re6 22. Bd2 Ba6 23. Bxa6 Rxa6 24. h6 Bxh6 25. Nxf5 Bg7 26. Nxg7 Kxg7 27. Qf3 Qe7 28. Qxd5 Qg5+ 29. Qg2 Qxg2+ 30. Kxg2 Ra7 31. c4 Kg8 32. Bc3 cxd4 33. exd4 Rc6 34. b3 b5 35. d5 Rc8 36. Bd4 Rb7 37. Rac1 bxc4 38. Rxc4 Rxc4 39. bxc4 Rb4 40. Rxf8+ 1-0

[Event "Düsseldorf Süd- Ratingen"]
[Site "?"]
[Date "2023.09.10"]
[Round "1.6"]
[White "Ehlen, Jan"]
[Black "Liedtke, Dirk"]
[Result "1/2-1/2"]
[WhiteElo "1675"]
[BlackElo "2113"]
[PlyCount "107"]
[EventDate "2023.??.??"]
[SourceVersionDate "2020.03.16"]

1. e4 e6 2. d4 d5 3. e5 c5 4. c3 Bd7 5. Nf3 Qb6 6. Be2 cxd4 7. cxd4 Nh6 8. O-O Be7 9. Bxh6 gxh6 10. Qb3 Qxb3 11. axb3 Nc6 12. Nc3 O-O 13. Rfc1 Nb4 14. Nb5 Bxb5 15. Bxb5 a6 16. Bf1 Rfc8 17. Rc3 Rc6 18. Rac1 Rac8 19. g3 Bg5 20. Nxg5 hxg5 21. f4 Rxc3 22. Rxc3 Rc6 23. fxg5 Rb6 24. Kf2 Nc6 25. Ke3 Rb4 26. Rd3 Na5 27. Be2 Nxb3 28. Bd1 Na5 29. b3 Rb6 30. Rc3 Rc6 31. Rxc6 Nxc6 32. g4 b5 33. h4 Kg7 34. Bc2 a5 35. h5 h6 36. gxh6+ Kxh6 37. Kd3 Kg5 38. Ke3 Ne7 39. Kf3 Ng8 40. Bd1 f6 41. Ke3 f5 42. gxf5 Kxf5 43. Bc2+ Kg5 44. Bg6 Nh6 45. Be8 b4 46. Bg6 Nf5+ 47. Kd3 Ng7 48. Bf7 Nxh5 49. Ke3 Ng7 50. Kd2 Kf4 51. Kd3 Kf3 52. Bg6 Kf4 53. Bf7 Kg5 54. Kd2 1/2-1/2

[Event "Düsseldorf Süd- Ratingen"]
[Site "?"]
[Date "2023.09.10"]
[Round "1.7"]
[White "Hoeche, Alexander"]
[Black "Ovchinnikov, Max"]
[Result "1/2-1/2"]
[WhiteElo "1896"]
[BlackElo "1636"]
[PlyCount "67"]
[EventDate "2023.??.??"]
[SourceVersionDate "2020.03.16"]

1. d4 d5 2. c4 e6 3. Nc3 Nf6 4. cxd5 exd5 5. Bg5 c6 6. e3 Be7 7. Bd3 h6 8. Bh4 O-O 9. Qc2 Re8 10. Nge2 Nbd7 11. O-O Nh5 12. Bxe7 Rxe7 13. Rae1 Nf8 14. Nd1 Ne6 15. h3 Ng5 16. f4 Ne6 17. g4 Nf6 18. Ng3 Qa5 19. Nf2 Nxd4 20. Qd1 Ne6 21. Bb1 Qb6 22. Nf5 Re8 23. Qc2 Nc5 24. g5 Nfe4 25. Nxe4 Nxe4 26. Nh4 Bxh3 27. Rf3 Bg4 28. Rff1 hxg5 29. fxg5 Nxg5 30. Rxf7 Rxe3 31. Rxg7+ Kf8 32. Rg8+ Ke7 33. Rg7+ Kf8 34. Rg8+ 1/2-1/2

[Event "Düsseldorf Süd- Ratingen"]
[Site "?"]
[Date "2023.09.10"]
[Round "1.8"]
[White "Hoerhager- Celjo, Dino"]
[Black "Krueger, Norbert"]
[Result "0-1"]
[WhiteElo "1517"]
[BlackElo "2001"]
[PlyCount "72"]
[EventDate "2023.??.??"]
[SourceVersionDate "2020.03.16"]

1. e4 c5 2. Nc3 e6 3. f4 d5 4. Nf3 d4 5. Bb5+ Nd7 6. Ne2 a6 7. Bxd7+ Bxd7 8. d3 Be7 9. O-O Nf6 10. Qe1 O-O 11. Qg3 Ne8 12. Ne5 f5 13. exf5 exf5 14. Qf3 Bc8 15. Bd2 Nf6 16. c3 dxc3 17. Bxc3 Rb8 18. d4 Be6 19. Rfd1 c4 20. Ng3 Bd5 21. Qe2 b5 22. Nxf5 Ne4 23. Nxe7+ Qxe7 24. Rf1 b4 25. Be1 c3 26. Rc1 Qa7 27. bxc3 bxc3 28. Qd3 Rb2 29. Rf3 Rxa2 30. Bxc3 Rc8 31. Bd2 Rxc1+ 32. Bxc1 Qc7 33. Be3 Qa5 34. Nc4 Qb5 35. Ne5 Qb2 36. Kf1 Ra1+ 0-1

[Event "Kamp- Lintfort- Lasker Köln 2"]
[Site "?"]
[Date "2023.09.10"]
[Round "1.2"]
[White "Schneider, Christoph"]
[Black "Strohmeyer, Jochen"]
[Result "0-1"]
[WhiteElo "2070"]
[BlackElo "2144"]
[PlyCount "94"]
[EventDate "2023.??.??"]
[SourceVersionDate "2020.03.16"]

1. c4 Nf6 2. Nc3 c5 3. g3 d5 4. cxd5 Nxd5 5. Bg2 Nc7 6. Nf3 Nc6 7. d3 e5 8. Be3 Bd7 9. O-O Be7 10. Nd2 O-O 11. f4 exf4 12. gxf4 Re8 13. Bf2 Rb8 14. Rc1 Ne6 15. Bg3 Ned4 16. a3 Bh4 17. e4 Bxg3 18. hxg3 Qc8 19. Rf2 Bg4 20. Qf1 Qd7 21. Nc4 Be6 22. Ne3 Bb3 23. Bh3 Qd6 24. Kh2 Rbd8 25. e5 Qf8 26. Ne4 b6 27. Nd2 Be6 28. Bg2 Bc8 29. Nec4 Re6 30. Kg1 f6 31. Ne4 fxe5 32. fxe5 Qe7 33. Ned6 Nxe5 34. Nxc8 Rxc8 35. Bd5 Rd8 36. Bxe6+ Qxe6 37. Nd2 Ng4 38. Re1 Qh6 39. Ree2 Nxe2+ 40. Rxe2 Rf8 41. Qg2 Qd6 42. Nf1 Qd4+ 43. Kh1 Qxd3 44. Nd2 Ne3 45. Rxe3 Qxe3 46. Qd5+ Kh8 47. Ne4 Qe2 0-1

[Event "Kamp- Lintfort- Lasker Köln 2"]
[Site "?"]
[Date "2023.09.10"]
[Round "1.3"]
[White "Fohler, Claus"]
[Black "Hagen, Gunter"]
[Result "0-1"]
[WhiteElo "2257"]
[BlackElo "2155"]
[PlyCount "68"]
[EventDate "2023.??.??"]
[SourceVersionDate "2020.03.16"]

1. d4 Nf6 2. Nc3 d5 3. Bf4 Bf5 4. f3 e6 5. g4 Bg6 6. h4 h6 7. e3 c5 8. Nb5 Na6 9. c3 Qb6 10. a4 Nd7 11. Nh3 f6 12. Bg3 Bf7 13. f4 Nab8 14. b3 a6 15. Na3 Nc6 16. Bd3 Bd6 17. O-O g5 18. Kg2 gxh4 19. Bxh4 O-O-O 20. Nc2 Rdg8 21. Bg3 Rg7 22. Be2 Rhg8 23. a5 Qd8 24. Rg1 f5 25. g5 hxg5 26. fxg5 Rxg5 27. Nxg5 Rxg5 28. Kf1 Bxg3 29. Bf3 f4 30. Ra4 fxe3 31. dxc5 Nde5 32. Nd4 Nxd4 33. cxd4 Nxf3 34. Qxf3 Bh5 0-1

[Event "Kamp- Lintfort- Lasker Köln 2"]
[Site "?"]
[Date "2023.09.10"]
[Round "1.4"]
[White "Bosser, Heinz- Dieter"]
[Black "Rosenkraenzer, Torsten"]
[Result "1/2-1/2"]
[WhiteElo "1971"]
[BlackElo "2033"]
[PlyCount "41"]
[EventDate "2023.??.??"]
[SourceVersionDate "2020.03.16"]

1. d4 d5 2. c4 e6 3. Nc3 Bb4 4. e3 Nf6 5. Bd2 O-O 6. Nf3 b6 7. cxd5 exd5 8. Be2 Ba6 9. O-O Bxe2 10. Nxe2 Bd6 11. b4 b5 12. a4 c6 13. Nc1 Nbd7 14. a5 Qe7 15. Nd3 Ne4 16. Qc2 Rac8 17. Bc3 g5 18. Rac1 f6 19. Nc5 Ndxc5 20. dxc5 Be5 21. Bd4 1/2-1/2

[Event "Kamp- Lintfort- Lasker Köln 2"]
[Site "?"]
[Date "2023.09.10"]
[Round "1.5"]
[White "Diesner, Michael"]
[Black "Peschges, Paul"]
[Result "1/2-1/2"]
[WhiteElo "2015"]
[BlackElo "1798"]
[PlyCount "121"]
[EventDate "2023.??.??"]
[SourceVersionDate "2020.03.16"]

1. Nf3 d5 2. g3 Nf6 3. Bg2 e6 4. O-O c5 5. d3 Be7 6. Nbd2 O-O 7. e4 dxe4 8. dxe4 Nc6 9. a4 Qc7 10. Re1 e5 11. c3 Rd8 12. Qc2 a6 13. Bf1 Rb8 14. Nc4 b5 15. Ncxe5 Nxe5 16. Nxe5 Rb7 17. Nf3 Qb6 18. axb5 axb5 19. Bf4 Be6 20. Ng5 h6 21. Nxe6 Qxe6 22. b3 Nd7 23. Ra5 g5 24. Be3 Ne5 25. Rea1 c4 26. Ra6 Qd7 27. f4 gxf4 28. gxf4 Qg4+ 29. Qg2 Qxg2+ 30. Kxg2 Ng4 31. Bd4 cxb3 32. h3 Rxd4 33. cxd4 Ne3+ 34. Kf3 Nc2 35. Rd1 b2 36. Ra2 Nxd4+ 37. Kg4 Nc2 38. Kf3 Ba3 39. Bd3 Rd7 40. Rg1+ Kf8 41. Bxc2 b4 42. Rb1 b3 43. Bxb3 Rd3+ 44. Kg4 Rxb3 45. h4 Kg7 46. Kf5 Rc3 47. e5 Rc1 48. Raxb2 Bxb2 49. Rxb2 Rg1 50. Rb7 Re1 51. Rd7 Re2 52. Re7 Ra2 53. Rd7 Re2 54. Rd6 Ra2 55. Kg4 Rg2+ 56. Kh5 Rf2 57. Kg4 Rg2+ 58. Kf5 Ra2 59. Rd7 Re2 60. Re7 Ra2 61. Rb7 1/2-1/2

[Event "Kamp- Lintfort- Lasker Köln 2"]
[Site "?"]
[Date "2023.09.10"]
[Round "1.6"]
[White "Esser, Jochen"]
[Black "Glaser, Steffen"]
[Result "1/2-1/2"]
[WhiteElo "2015"]
[BlackElo "1963"]
[PlyCount "30"]
[EventDate "2023.??.??"]
[SourceVersionDate "2020.03.16"]

1. e4 Nc6 2. Nf3 Nf6 3. d3 e5 4. Nc3 h6 5. d4 exd4 6. Nxd4 Bb4 7. Nxc6 bxc6 8. Bd3 O-O 9. O-O Re8 10. Qf3 d5 11. exd5 cxd5 12. Bb5 Bd7 13. Bxd7 Qxd7 14. Bxh6 d4 15. Nd1 Ne4 1/2-1/2

[Event "Kleve- Leverkusen"]
[Site "?"]
[Date "2023.09.10"]
[Round "1.1"]
[White "Esser, Michael"]
[Black "Rembrandt, Bruil"]
[Result "0-1"]
[WhiteElo "2038"]
[BlackElo "2255"]
[PlyCount "80"]
[EventDate "2023.??.??"]
[SourceVersionDate "2020.03.16"]

1. e4 c5 2. c3 d5 3. exd5 Nf6 4. d4 Nxd5 5. c4 Nf6 6. d5 g6 7. Nc3 Bg7 8. Be3 b6 9. Qd2 O-O 10. Bh6 e6 11. Bxg7 Kxg7 12. Nf3 exd5 13. cxd5 Re8+ 14. Be2 Ba6 15. O-O-O Bxe2 16. Nxe2 Ne4 17. Qf4 Qf6 18. Rhf1 Qxf4+ 19. Nxf4 Nd6 20. Rfe1 Nd7 21. h4 h6 22. Kc2 Nf6 23. a3 Ng4 24. Nh3 Kf8 25. Kd3 Rad8 26. Rxe8+ Rxe8 27. Rd2 Ne5+ 28. Nxe5 Rxe5 29. Kc2 Nf5 30. b4 cxb4 31. axb4 Nxh4 32. f3 Nf5 33. Kc3 Re3+ 34. Kc4 Nd6+ 35. Kd4 Re7 36. Nf4 Rc7 37. Nd3 Nf5+ 38. Ke5 Re7+ 39. Kf6 Ng7 40. d6 Ne8# 0-1

[Event "Kleve- Leverkusen"]
[Site "?"]
[Date "2023.09.10"]
[Round "1.2"]
[White "Verfuerth, Kevin"]
[Black "Baer, Marco"]
[Result "1/2-1/2"]
[WhiteElo "1999"]
[BlackElo "2034"]
[PlyCount "61"]
[EventDate "2023.??.??"]
[SourceVersionDate "2020.03.16"]

1. c4 b6 2. Nf3 Bb7 3. g3 Bxf3 4. exf3 c5 5. Bg2 Nc6 6. Nc3 g6 7. d3 Bg7 8. Be3 Nf6 9. d4 cxd4 10. Bxd4 Nxd4 11. Qxd4 O-O 12. O-O Ne8 13. Qd3 Rc8 14. Rac1 Nc7 15. Rfd1 d6 16. Bh3 e6 17. Qxd6 Qxd6 18. Rxd6 Rfd8 19. Rxd8+ Rxd8 20. Rd1 Rc8 21. Rd7 Bxc3 22. bxc3 Kf8 23. Kf1 Ke8 24. Rd4 Na6 25. Ke2 Rc5 26. Bf1 Ra5 27. Rd2 Ra3 28. Rc2 Ke7 29. Kd2 Nc5 30. Bd3 Kd6 31. h4 1/2-1/2

[Event "Kleve- Leverkusen"]
[Site "?"]
[Date "2023.09.10"]
[Round "1.3"]
[White "Claßen, Harald"]
[Black "Wiegersma, Justus"]
[Result "1/2-1/2"]
[WhiteElo "1947"]
[BlackElo "1981"]
[PlyCount "137"]
[EventDate "2023.??.??"]
[SourceVersionDate "2020.03.16"]

1. c4 b6 2. Nc3 Bb7 3. e4 e6 4. Nf3 Bb4 5. d3 Bxc3+ 6. bxc3 d6 7. g3 Nd7 8. Bg2 Ne7 9. O-O O-O 10. Qe2 e5 11. Nh4 f5 12. exf5 Bxg2 13. Kxg2 Nxf5 14. Nxf5 Rxf5 15. Qe4 Rf8 16. Be3 Nf6 17. Qc6 Qd7 18. Qxd7 Nxd7 19. Rad1 Rae8 20. d4 e4 21. f4 c6 22. Rb1 Ra8 23. Rfc1 d5 24. c5 Rab8 25. Kf2 b5 26. Ke2 Kf7 27. Rg1 h5 28. h3 a5 29. a3 a4 30. Rbf1 Ke6 31. Rf2 g6 32. Rgf1 Rf7 33. Rh1 Rh8 34. Rhf1 Kf5 35. Rg1 Nf8 36. Rgf1 Ne6 37. Rg1 Nd8 38. Rh2 Nb7 39. g4+ Kf6 40. g5+ Kf5 41. Rf2 Na5 42. Ra1 Nc4 43. Ra2 Rhf8 44. Rf1 Ke6 45. Rf2 Rf5 46. Bc1 Kd7 47. Be3 Kc8 48. Bc1 Kd8 49. Be3 Kd7 50. Bc1 e3 51. Bxe3 Re8 52. Rf3 Re4 53. Kd3 Nxe3 54. Rxe3 Rfxf4 55. Rxe4 dxe4+ 56. Ke3 Rf3+ 57. Kxe4 Rxc3 58. Rf2 Rxa3 59. Rf7+ Kd8 60. Rf6 Rxh3 61. Rxc6 a3 62. Ra6 b4 63. Ke5 Rd3 64. d5 b3 65. d6 b2 66. c6 Ke8 67. Ra8+ Kf7 68. Ra7+ Kf8 69. Ra8+ 1/2-1/2